Roblox The Strongest Battlegrounds Characters Quiz (As of Dec 2025) - Statistics

General Stats
  • This quiz has been taken 7 times
  • The average score is 6 of 9
Answer Stats
Character % Correct
Hero Hunter
100%
The Strongest Hero
100%
Deadly Ninja
80%
Destructive Cyborg
80%
Blade Master
60%
Brutal Demon
60%
Martial Artist
60%
Wild Psychic
60%
Hero Hunter Monster Form
20%
No matching quizzes found
Score Distribution
Percent of People with Each Score
Percentile by Number Answered
Your Score History
You have not taken this quiz